[Event "Titled Tuesday intern op 25th Jul Late"]
[Site "Chess.com INT"]
[Date "2023.07.25"]
[Round "6"]
[White "Nemeth, John"]
[Black "Salik, Serkan"]
[Result "0-1"]
[WhiteElo "2135"]
[BlackElo "2037"]
[PlyCount "54"]
[EventDate "2023.07.25"]
[EventType "swiss (blitz)"]
[EventRounds "11"]
[EventCountry "USA"]
[SourceTitle "EXT 2024"]
[Source "ChessBase"]
[SourceDate "2023.10.10"]
[SourceVersion "1"]
[SourceVersionDate "2023.10.10"]
[SourceQuality "1"]

1. Nf3 g6 2. g3 Bg7 3. Bg2 d6 4. 0-0 Bd7 5. c4 Qc8 6. Nc3 Nc6 7. d4 Bh3 8. Nd5 Bxg2 9. Kxg2 h5 10. h4 Nh6 11. Rb1 Nf5 12. e3 e6 13. Nf4 e5 14. dxe5 dxe5 15. Nd5 0-0 16. e4 Nfd4 17. Be3 Nxf3 18. Qxf3 Rd8 19. Bg5 Rd6 20. b4 Qf8 21. Nxc7 Nd4 22. Qc3 Rc8 23. Nd5 f6 24. Be3 f5 25. c5 fxe4 26. Bxd4 exd4 27. Qb3 Qf3+ 0-1

[Event "Titled Tuesday intern op 25th Jul Late"]
[Site "Chess.com INT"]
[Date "2023.07.25"]
[Round "9"]
[White "Pniaczek, Marek"]
[Black "Salik, Serkan"]
[Result "0-1"]
[WhiteElo "2185"]
[BlackElo "2037"]
[PlyCount "90"]
[EventDate "2023.07.25"]
[EventType "swiss (blitz)"]
[EventRounds "11"]
[EventCountry "USA"]
[SourceTitle "EXT 2024"]
[Source "ChessBase"]
[SourceDate "2023.10.10"]
[SourceVersion "1"]
[SourceVersionDate "2023.10.10"]
[SourceQuality "1"]

1. e4 e5 2. Nf3 Nc6 3. Bc4 Bc5 4. c3 Nf6 5. d3 0-0 6. 0-0 d6 7. Re1 Be6 8. Bxe6 fxe6 9. b4 Bb6 10. a4 a6 11. a5 Ba7 12. Nbd2 Ng4 13. Re2 Qf6 14. Nf1 d5 15. h3 Nh6 16. Ng3 Qg6 17. Be3 Rxf3 18. gxf3 Bxe3 19. Rxe3 d4 20. cxd4 Nxd4 21. Kh2 Rf8 22. Qh1 Qf7 23. Qg2 Nxf3+ 24. Kh1 Nh4 25. Qg1 Ng6 26. Ra2 Nf4 27. Qh2 Qe7 28. Rb2 Rd8 29. Ne2 Nxd3 30. Rd2 Nxf2+ 31. Qxf2 Rxd2 32. Qe1 Qd8 33. Nc3 Rd4 34. Rf3 Qe7 35. b5 Nf7 36. bxa6 bxa6 37. Qb1 Qb4 38. Qa2 Qc4 39. Qb1 g6 40. Qb8+ Rd8 41. Qb2 Ng5 42. Re3 Qf1+ 43. Kh2 Qf4+ 44. Rg3 Rd2+ 45. Kh1 Qf1+ 0-1

[Event "Titled Tuesday intern op 25th Jul Late"]
[Site "Chess.com INT"]
[Date "2023.07.25"]
[Round "11"]
[White "Slovineanu, Viacheslav"]
[Black "Salik, Serkan"]
[Result "0-1"]
[WhiteElo "2412"]
[BlackElo "2037"]
[PlyCount "92"]
[EventDate "2023.07.25"]
[EventType "swiss (blitz)"]
[EventRounds "11"]
[EventCountry "USA"]
[SourceTitle "EXT 2024"]
[Source "ChessBase"]
[SourceDate "2023.10.10"]
[SourceVersion "1"]
[SourceVersionDate "2023.10.10"]
[SourceQuality "1"]

1. d4 Nf6 2. Nf3 d6 3. Nc3 Bf5 4. Nh4 Bd7 5. e4 e5 6. Nf3 Nc6 7. Bc4 Be7 8. 0-0 0-0 9. h3 exd4 10. Nxd4 Re8 11. Re1 Bf8 12. Bg5 h6 13. Bh4 Ne5 14. Bf1 Ng6 15. Bg3 a6 16. a4 Bc6 17. Nxc6 bxc6 18. Bc4 Nd7 19. Qd2 Qg5 20. Rad1 Nde5 21. Bb3 Rab8 22. Kh2 Qxd2 23. Rxd2 Nd7 24. Rb1 Nc5 25. Bc4 Nxe4 26. Nxe4 Rxe4 27. Bxa6 Rxa4 28. Bd3 Nf4 29. Bxf4 Rxf4 30. b3 Rf6 31. Re2 Re6 32. Rbe1 Rbe8 33. Rxe6 fxe6 34. f4 Kf7 35. g4 Kf6 36. Kg3 g5 37. h4 d5 38. fxg5+ hxg5 39. Rf1+ Kg7 40. hxg5 Bd6+ 41. Kg2 e5 42. Bf5 e4 43. Kf2 Rh8 44. Rg1 Bc5+ 45. Kf1 Bxg1 46. Kxg1 Rh3 0-1

[Event "Titled Tuesday intern op 18th Apr Late"]
[Site "Chess.com INT"]
[Date "2023.04.18"]
[Round "3"]
[White "Cigan, Jason"]
[Black "Salik, Serkan"]
[Result "1-0"]
[WhiteElo "1998"]
[BlackElo "2037"]
[PlyCount "81"]
[EventDate "2023.04.18"]
[EventType "swiss (blitz)"]
[EventRounds "11"]
[EventCountry "USA"]
[SourceTitle "EXT 2024"]
[Source "ChessBase"]
[SourceDate "2023.10.10"]
[SourceVersion "1"]
[SourceVersionDate "2023.10.10"]
[SourceQuality "1"]

1. e4 e5 2. Nf3 Nc6 3. Bb5 a6 4. Ba4 d6 5. c3 Bd7 6. 0-0 g6 7. d4 Bg7 8. Re1 Nf6 9. h3 0-0 10. Nbd2 Qe7 11. a3 Rfe8 12. Bc2 Qf8 13. Nf1 Bh6 14. Ng5 Rad8 15. Bb3 Re7 16. Ng3 Bc8 17. Qf3 Bg7 18. Be3 h6 19. Nxf7 Rxf7 20. Bxf7+ Qxf7 21. Rad1 Rf8 22. Qe2 g5 23. Nf5 Nxe4 24. Nxg7 Qxg7 25. dxe5 Nxe5 26. Bd4 Bf5 27. Bxe5 dxe5 28. Qc4+ Qf7 29. Rxe4 Bxe4 30. Qxe4 Qxf2+ 31. Kh1 Qf5 32. Qxb7 Rf7 33. Qxa6 e4 34. Qxh6 Rf8 35. Qc6 e3 36. Qc4+ Rf7 37. Qe2 Qe4 38. Rd4 Qe5 39. Rd3 Rf2 40. Qe1 e2 41. Rd8+ 1-0

[Event "Titled Tuesday intern op 13th July"]
[Site "Chess.com INT"]
[Date "2021.07.13"]
[Round "5"]
[White "Guzman Moneo, Alberto"]
[Black "Salik, Serkan"]
[Result "1-0"]
[WhiteElo "2196"]
[BlackElo "2021"]
[PlyCount "87"]
[EventDate "2021.07.13"]
[EventType "swiss (blitz)"]
[EventRounds "11"]
[EventCountry "USA"]
[SourceTitle "CBM 203 Extra"]
[Source "ChessBase"]
[SourceDate "2021.09.30"]
[SourceVersion "1"]
[SourceVersionDate "2021.09.30"]
[SourceQuality "1"]

1. e4 e5 2. d4 exd4 3. Qxd4 Nc6 4. Qe3 Nf6 5. Bd2 g6 6. Nc3 Bg7 7. 0-0-0 0-0 8. f4 d5 9. exd5 Nxd5 10. Nxd5 Qd6 11. Bc3 Bg4 12. Nf3 Rfe8 13. Qd2 Rad8 14. Bxg7 Kxg7 15. Qc3+ f6 16. Bc4 Rf8 17. Rd2 Qc5 18. Bb3 Qxc3 19. Nxc3 Bxf3 20. gxf3 Nd4 21. Rf1 c6 22. Ne2 Nf5 23. Ng3 Nh4 24. Rfd1 Rxd2 25. Rxd2 Nxf3 26. Rd7+ Kh6 27. Rxb7 Re8 28. c4 Nxh2 29. Rxa7 Re3 30. f5 Rxg3 31. fxg6 hxg6 32. Rc7 f5 33. Rxc6 f4 34. Rf6 Kg5 35. Rf8 f3 36. c5 Rg1+ 37. Kd2 Rg2+ 38. Ke3 Re2+ 39. Kd3 Rxb2 40. c6 Rb1 41. c7 Rc1 42. Bc2 Ng4 43. c8Q Ne5+ 44. Kd2 1-0

[Event "Titled Tuesday intern op 06th Apr"]
[Site "Chess.com INT"]
[Date "2021.04.06"]
[Round "2"]
[White "Smirnov, Pavel"]
[Black "Salik, Serkan"]
[Result "1-0"]
[WhiteElo "2544"]
[BlackElo "1986"]
[PlyCount "47"]
[EventDate "2021.04.06"]
[EventType "swiss (blitz)"]
[EventRounds "11"]
[EventCountry "USA"]
[SourceTitle "CBM 201 Extra"]
[Source "ChessBase"]
[SourceDate "2021.05.31"]
[SourceVersion "1"]
[SourceVersionDate "2021.05.31"]
[SourceQuality "1"]

1. d4 d5 2. c4 dxc4 3. Nf3 Nf6 4. e3 a6 5. Bxc4 e6 6. 0-0 c5 7. Nc3 b5 8. Bb3 Bb7 9. e4 Nxe4 10. Nxe4 Bxe4 11. Re1 Bd5 12. dxc5 Bxb3 13. Qxb3 Bxc5 14. Qc3 Nd7 15. Qxg7 Qf6 16. Qg3 Qg6 17. Qc7 Rg8 18. Bg5 h6 19. Rad1 hxg5 20. Qxd7+ Kf8 21. Qc6 Qc2 22. Qxa8+ Kg7 23. Qe4 Qxf2+ 24. Kh1 1-0

[Event "PNWCC WOW op"]
[Site "Chess.com INT"]
[Date "2020.12.28"]
[Round "8"]
[White "Fridman, Daniel"]
[Black "Salik, Serkan"]
[Result "1-0"]
[WhiteElo "2601"]
[BlackElo "1986"]
[PlyCount "35"]
[EventDate "2020.12.26"]
[EventType "swiss"]
[EventRounds "9"]
[EventCountry "USA"]
[SourceTitle "CBM 200 Extra"]
[Source "ChessBase"]
[SourceDate "2021.03.31"]
[SourceVersion "1"]
[SourceVersionDate "2021.03.31"]
[SourceQuality "1"]

1. d4 d5 2. Nf3 Nf6 3. c4 c6 4. g3 dxc4 5. Bg2 Bf5 6. Nc3 e6 7. Ne5 Be7 8. e4 Bg6 9. h4 Bb4 10. Bg5 Qa5 11. 0-0 Bxc3 12. bxc3 Bxe4 13. Bxf6 Bxg2 14. Qh5 Qc7 15. Bxg7 Bxf1 16. Rxf1 Rf8 17. Bxf8 Kxf8 18. Qxh7 1-0

[Event "PNWCC WOW op"]
[Site "Chess.com INT"]
[Date "2020.12.28"]
[Round "9"]
[White "Salik, Serkan"]
[Black "Kryakvin, Dmitry"]
[Result "0-1"]
[WhiteElo "1986"]
[BlackElo "2577"]
[PlyCount "116"]
[EventDate "2020.12.26"]
[EventType "swiss"]
[EventRounds "9"]
[EventCountry "USA"]
[SourceTitle "CBM 200 Extra"]
[Source "ChessBase"]
[SourceDate "2021.03.31"]
[SourceVersion "1"]
[SourceVersionDate "2021.03.31"]
[SourceQuality "1"]

1. d4 e6 2. c4 Bb4+ 3. Bd2 a5 4. Nf3 d6 5. a3 Bxd2+ 6. Nbxd2 Nf6 7. g3 Qe7 8. e4 e5 9. d5 a4 10. Bg2 Nbd7 11. 0-0 Nc5 12. Qe2 0-0 13. Ne1 Re8 14. Nd3 Nxd3 15. Qxd3 Nd7 16. Rae1 Nc5 17. Qe3 Bd7 18. f4 f6 19. f5 b5 20. Rf2 Rab8 21. b4 axb3 22. Nxb3 Nxb3 23. Qxb3 bxc4 24. Qxc4 Rb7 25. Rc2 Ra8 26. Qc3 Qd8 27. Rb2 Rba7 28. Rc1 h6 29. Rb3 Kh7 30. Rcb1 Qc8 31. Bf1 c5 32. Qb2 Ra4 33. Rb8 Rxb8 34. Qxb8 Qxb8 35. Rxb8 Rxe4 36. Rd8 Ba4 37. Rxd6 Rd4 38. Be2 Bc2 39. g4 Be4 40. Rc6 Rxd5 41. Kf2 Bd3 42. Bxd3 Rxd3 43. Rxc5 Rxa3 44. Kg2 h5 45. h3 Kh6 46. Rc7 h4 47. Re7 Ra2+ 48. Kg1 Re2 49. Rf7 Re3 50. Kg2 Rg3+ 51. Kh2 e4 52. Re7 Re3 53. Kg2 Kg5 54. Rxg7+ Kf4 55. Ra7 Re2+ 56. Kf1 Kf3 57. g5 Rb2 58. Kg1 Rg2+ 0-1

[Event "Chess.com Bullet op2"]
[Site "Chess.com INT"]
[Date "2020.12.19"]
[Round "18"]
[White "Budisavljevic, Luka"]
[Black "Salik, Serkan"]
[Result "1-0"]
[WhiteElo "2501"]
[BlackElo "1986"]
[PlyCount "83"]
[EventDate "2020.12.19"]
[EventType "swiss (blitz)"]
[EventRounds "21"]
[EventCountry "USA"]
[SourceTitle "EXT 2022"]
[Source "ChessBase"]
[SourceDate "2021.10.06"]
[SourceVersion "1"]
[SourceVersionDate "2021.10.06"]
[SourceQuality "1"]

1. d4 d5 2. Bf4 e6 3. e3 Bd6 4. Bg3 Nf6 5. Nf3 0-0 6. Bd3 c5 7. c3 Qc7 8. Ne5 Nbd7 9. f4 b6 10. Nd2 Bb7 11. Qf3 Ne4 12. Nxe4 dxe4 13. Bxe4 Bxe4 14. Qxe4 Bxe5 15. fxe5 Rac8 16. 0-0 Qc6 17. Qg4 cxd4 18. exd4 f5 19. exf6 Rxf6 20. Rae1 Rg6 21. Qf3 Qxf3 22. Rxf3 Re8 23. Rfe3 Nf8 24. Bd6 Nd7 25. d5 Kf7 26. dxe6+ Rgxe6 27. Rxe6 Rxe6 28. Rxe6 Kxe6 29. Bg3 Kd5 30. Kf2 Ke4 31. Ke2 Nc5 32. Bf2 Nd3 33. b3 Nf4+ 34. Kf1 Kd3 35. Bg3 Nd5 36. Be5 g6 37. c4 Ne3+ 38. Kg1 Ke2 39. a4 a6 40. Bc7 Kd3 41. Bxb6 Ke4 42. Bxe3 1-0

[Event "Chess.com Bullet op1"]
[Site "Chess.com INT"]
[Date "2020.12.19"]
[Round "5"]
[White "Chen, Justin"]
[Black "Salik, Serkan"]
[Result "1-0"]
[WhiteElo "2247"]
[BlackElo "1986"]
[PlyCount "73"]
[EventDate "2020.12.19"]
[EventType "swiss (blitz)"]
[EventRounds "21"]
[EventCountry "USA"]
[SourceTitle "EXT 2022"]
[Source "ChessBase"]
[SourceDate "2021.10.06"]
[SourceVersion "1"]
[SourceVersionDate "2021.10.06"]
[SourceQuality "1"]

1. b3 g6 2. Bb2 Nf6 3. Bxf6 exf6 4. c4 Bg7 5. g3 0-0 6. Nc3 f5 7. Bg2 d6 8. e3 c6 9. Nge2 Nd7 10. 0-0 Nf6 11. d4 Re8 12. b4 Nh5 13. b5 Nf6 14. bxc6 bxc6 15. Bxc6 Bd7 16. Bxa8 Qxa8 17. Nf4 Bc6 18. Ncd5 Nxd5 19. cxd5 Bd7 20. Rb1 h5 21. h4 Bh6 22. Qf3 Bxf4 23. Qxf4 Kg7 24. Qxd6 Rd8 25. Qc7 Be8 26. Rb7 Rd7 27. Qe5+ Kg8 28. Rxd7 Bxd7 29. Rc1 Qd8 30. d6 Be6 31. Qc5 f4 32. exf4 Qa8 33. d5 Bh3 34. Kh2 Bg4 35. Qc7 Qe8 36. Qe7 Qa8 37. d7 1-0

[Event "Chess.com Bullet op2"]
[Site "Chess.com INT"]
[Date "2020.12.19"]
[Round "12"]
[White "Kulkarni, Rakesh"]
[Black "Salik, Serkan"]
[Result "0-1"]
[WhiteElo "2321"]
[BlackElo "1986"]
[PlyCount "102"]
[EventDate "2020.12.19"]
[EventType "swiss (blitz)"]
[EventRounds "21"]
[EventCountry "USA"]
[SourceTitle "EXT 2022"]
[Source "ChessBase"]
[SourceDate "2021.10.06"]
[SourceVersion "1"]
[SourceVersionDate "2021.10.06"]
[SourceQuality "1"]

1. g3 h5 2. Bg2 h4 3. Nf3 h3 4. Bf1 Nc6 5. Nc3 e5 6. e4 d6 7. Bc4 Nf6 8. d3 Bg4 9. Be3 g6 10. 0-0 Bh6 11. d4 exd4 12. Bxh6 Rxh6 13. Nd5 Ne5 14. Be2 Nxd5 15. Nxe5 Bxe2 16. Qxe2 dxe5 17. exd5 Qxd5 18. f4 e4 19. c4 Qf5 20. Rae1 e3 21. Qf3 0-0-0 22. g4 Qd7 23. f5 gxf5 24. gxf5 Rg8+ 25. Kh1 Rh7 26. Rg1 Rhg7 27. Rg3 Rxg3 28. hxg3 f6 29. Kh2 Re8 30. Qf4 d3 31. Rxe3 Rxe3 32. Qxe3 d2 33. Qh6 d1Q 34. Qf8+ Qd8 35. Qxd8+ Qxd8 36. Kxh3 Qd2 37. Kg4 Qxb2 38. c5 Qxa2 39. c6 Qc4+ 40. Kh5 Qxc6 41. Kg6 a5 42. g4 Qf3 43. g5 fxg5 44. Kxg5 a4 45. f6 a3 46. Kg6 a2 47. f7 a1Q 48. Kh7 Qah1+ 49. Kg8 Qg4+ 50. Kf8 Qh8+ 51. Ke7 Qd7# 0-1

[Event "Chess.com Bullet op2"]
[Site "Chess.com INT"]
[Date "2020.12.19"]
[Round "5"]
[White "Salik, Serkan"]
[Black "Karthikeyan, Murali"]
[Result "1-0"]
[WhiteElo "1986"]
[BlackElo "2606"]
[PlyCount "65"]
[EventDate "2020.12.19"]
[EventType "swiss (blitz)"]
[EventRounds "21"]
[EventCountry "USA"]
[SourceTitle "EXT 2022"]
[Source "ChessBase"]
[SourceDate "2021.10.06"]
[SourceVersion "1"]
[SourceVersionDate "2021.10.06"]
[SourceQuality "1"]

1. e4 g6 2. Nf3 d6 3. d4 Bg7 4. Nc3 Nd7 5. Bc4 Ngf6 6. 0-0 0-0 7. h3 c6 8. e5 dxe5 9. dxe5 Ne8 10. e6 fxe6 11. Ng5 Kh8 12. Nxe6 Qb6 13. Nxf8 Nxf8 14. Bb3 Bf5 15. Be3 Qc7 16. Bd4 e5 17. Be3 Nf6 18. Bc4 Ne6 19. Bd3 Rd8 20. Qe2 Bxd3 21. cxd3 Nf4 22. Bxf4 exf4 23. Ne4 Re8 24. Qf3 Nd7 25. Rfe1 Bxb2 26. Rab1 Bd4 27. Ng5 Ne5 28. Qxf4 Qd7 29. Rxe5 Bxe5 30. Nf7+ Kg8 31. Nxe5 Qd5 32. Ng4 Qxa2 33. Rxb7 1-0

[Event "Chess.com Bullet op2"]
[Site "Chess.com INT"]
[Date "2020.12.19"]
[Round "2"]
[White "Salik, Serkan"]
[Black "Sadhwani, Raunak"]
[Result "0-1"]
[WhiteElo "1986"]
[BlackElo "2545"]
[PlyCount "76"]
[EventDate "2020.12.19"]
[EventType "swiss (blitz)"]
[EventRounds "21"]
[EventCountry "USA"]
[SourceTitle "EXT 2022"]
[Source "ChessBase"]
[SourceDate "2021.10.06"]
[SourceVersion "1"]
[SourceVersionDate "2021.10.06"]
[SourceQuality "1"]

1. e4 g6 2. Nf3 Bg7 3. d4 d6 4. Bc4 Nc6 5. c3 Nf6 6. Qe2 0-0 7. 0-0 e5 8. dxe5 Nxe5 9. Nxe5 dxe5 10. h3 Qe7 11. Rd1 Be6 12. Nd2 Rad8 13. Bxe6 Qxe6 14. f3 Rd7 15. Nf1 Rfd8 16. Rxd7 Qxd7 17. Be3 Nh5 18. Qd2 Qe7 19. Qe2 Qd7 20. Qd2 Qe8 21. Qe2 Nf4 22. Bxf4 exf4 23. Rd1 Be5 24. Rd3 Rd6 25. Rxd6 Bxd6 26. Qd3 Qa4 27. a3 Qb3 28. Qd4 b6 29. Kh2 Bc5 30. Qd8+ Kg7 31. e5 Qe6 32. Nd2 Qxe5 33. Ne4 Be7 34. Qe8 Bd6 35. Qd8 h6 36. b4 Be7 37. Qe8 Bf6 38. Qd8 Bxd8 0-1

[Event "Chess.com Bullet op2"]
[Site "Chess.com INT"]
[Date "2020.12.19"]
[Round "4"]
[White "Salik, Serkan"]
[Black "Vovk, Orest"]
[Result "1-0"]
[WhiteElo "1986"]
[BlackElo "2315"]
[PlyCount "97"]
[EventDate "2020.12.19"]
[EventType "swiss (blitz)"]
[EventRounds "21"]
[EventCountry "USA"]
[SourceTitle "EXT 2022"]
[Source "ChessBase"]
[SourceDate "2021.10.06"]
[SourceVersion "1"]
[SourceVersionDate "2021.10.06"]
[SourceQuality "1"]

1. e4 g5 2. d4 g4 3. Qxg4 d5 4. Qe2 dxe4 5. Qxe4 Nf6 6. Qd3 Nc6 7. Nf3 Bg4 8. c3 Qd5 9. Nbd2 0-0-0 10. Qc4 Rg8 11. Qxd5 Nxd5 12. h3 Bh5 13. g3 f6 14. Bg2 e5 15. dxe5 fxe5 16. Ne4 Be7 17. g4 Bg6 18. Nfd2 Nf4 19. Bf1 Nd3+ 20. Bxd3 Rxd3 21. Ke2 Rgd8 22. f3 Bh4 23. Rf1 R3d7 24. b4 Ne7 25. c4 b5 26. Bb2 bxc4 27. Bxe5 Nd5 28. Nxc4 Nxb4 29. Rfd1 Nd3 30. Bh2 Bf7 31. Ne5 Nxe5 32. Bxe5 Bc4+ 33. Ke3 Rxd1 34. Rxd1 Rxd1 35. Kf4 Be1 36. Bf6 Bd2+ 37. Kf5 Bd3 38. f4 Bxe4+ 39. Kxe4 Re1+ 40. Kf5 Bc1 41. Be5 Re3 42. g5 Rxh3 43. Kg4 Rf3 44. Kxf3 Bxf4 45. Kg4 Kd7 46. Kf5 Bxe5 47. Kxe5 Ke7 48. g6 hxg6 49. a4 1-0

[Event "PNWCC Online Masters Artist Point"]
[Site "Chess.com INT"]
[Date "2020.09.07"]
[Round "8"]
[White "Jiang, Brandon"]
[Black "Salik, Serkan"]
[Result "0-1"]
[WhiteElo "1954"]
[BlackElo "1986"]
[PlyCount "62"]
[EventDate "2020.09.05"]
[EventType "swiss"]
[EventRounds "9"]
[EventCountry "USA"]
[SourceTitle "CBM 198 Extra"]
[Source "ChessBase"]
[SourceDate "2020.11.30"]
[SourceVersion "1"]
[SourceVersionDate "2020.11.30"]
[SourceQuality "1"]

1. e4 c5 2. Nf3 d6 3. Bb5+ Nd7 4. c3 Ngf6 5. Qe2 a6 6. Ba4 e5 7. 0-0 Be7 8. d4 b5 9. Bc2 0-0 10. a4 Bb7 11. Na3 exd4 12. cxd4 Re8 13. dxc5 Nxc5 14. Nd2 Bf8 15. f3 d5 16. e5 d4 17. Bd3 Qd5 18. Ne4 Nfxe4 19. fxe4 Qxe5 20. Bf4 Qe6 21. axb5 Nxd3 22. Qxd3 Bxe4 23. Qxd4 Qg4 24. Bg3 h5 25. Qc4 Qg6 26. Rf4 axb5 27. Qxb5 Rab8 28. Rxe4 Rxb5 29. Rxe8 Rxb2 30. Bf2 Rxf2 31. Kxf2 Qf6+ 0-1

[Event "PNWCC Online Masters Artist Point"]
[Site "Chess.com INT"]
[Date "2020.09.06"]
[Round "6"]
[White "Salik, Serkan"]
[Black "Stefanov, Emil"]
[Result "0-1"]
[WhiteElo "1986"]
[BlackElo "2350"]
[PlyCount "104"]
[EventDate "2020.09.05"]
[EventType "swiss"]
[EventRounds "9"]
[EventCountry "USA"]
[SourceTitle "CBM 198 Extra"]
[Source "ChessBase"]
[SourceDate "2020.11.30"]
[SourceVersion "1"]
[SourceVersionDate "2020.11.30"]
[SourceQuality "1"]

1. d4 Nf6 2. c4 e6 3. Nc3 Bb4 4. f3 c5 5. d5 d6 6. e4 b5 7. Bd2 Bxc3 8. Bxc3 b4 9. Bd2 exd5 10. cxd5 0-0 11. Bd3 Nbd7 12. Ne2 Ne5 13. Bg5 h6 14. Bh4 Ng6 15. Bf2 Nh5 16. 0-0 a5 17. Qd2 Ne5 18. Rfe1 Qg5 19. Qxg5 hxg5 20. Bc2 Ba6 21. Ng3 Nf4 22. Nf5 Rfd8 23. Be3 f6 24. Ne7+ Kf7 25. Nc6 Nxc6 26. dxc6 Bb5 27. h4 Rac8 28. hxg5 fxg5 29. a4 Ba6 30. c7 Rxc7 31. g3 Ne2+ 32. Kf2 Nd4 33. Rac1 Kf6 34. Red1 Rh8 35. Bd3 Rh2+ 36. Kf1 Bxd3+ 37. Rxd3 Nxf3 38. Rxd6+ Ke5 39. Rd8 Kxe4 40. Re8+ Kd3 41. Rxc5 Rxc5 42. Bxc5 Nd2+ 43. Kg1 Re2 44. Rc8 Nb3 45. Bf8 Rxb2 46. Bxg7 Rc2 47. Rd8+ Ke4 48. Bh6 Nd4 49. Bg7 Nf5 50. Bf6 g4 51. Ra8 Nxg3 52. Rxa5 Kf3 0-1

[Event "Titled Tuesday intern op 14th July"]
[Site "Chess.com INT"]
[Date "2020.07.14"]
[Round "1"]
[White "Salik, Serkan"]
[Black "Caruana, Fabiano"]
[Result "0-1"]
[WhiteElo "1986"]
[BlackElo "2835"]
[PlyCount "54"]
[EventDate "2020.07.14"]
[EventType "swiss (blitz)"]
[EventRounds "10"]
[EventCountry "USA"]
[SourceTitle "CBM 197 Extra"]
[Source "ChessBase"]
[SourceDate "2020.09.30"]
[SourceVersion "1"]
[SourceVersionDate "2020.09.30"]
[SourceQuality "1"]

1. d4 Nf6 2. c4 Nc6 3. Nf3 e6 4. a3 g6 5. Nc3 Bg7 6. e4 d6 7. Be2 0-0 8. 0-0 Re8 9. Bg5 h6 10. Be3 e5 11. d5 Nd4 12. Nxd4 exd4 13. Bxd4 Nxe4 14. Bxg7 Kxg7 15. Nxe4 Rxe4 16. Bd3 Re8 17. Re1 Bd7 18. Qd2 Qf6 19. h3 b6 20. b4 Qd4 21. Qc2 a5 22. Rad1 axb4 23. axb4 Ba4 24. Rxe8 Bxc2 25. Bxc2 Qxd1+ 26. Bxd1 Rxe8 27. Kf1 Ra8 0-1

[Event "Titled Tuesday intern op 14th July"]
[Site "Chess.com INT"]
[Date "2020.07.14"]
[Round "7"]
[White "Salik, Serkan"]
[Black "Demchenko, Anton"]
[Result "0-1"]
[WhiteElo "1986"]
[BlackElo "2641"]
[PlyCount "94"]
[EventDate "2020.07.14"]
[EventType "swiss (blitz)"]
[EventRounds "10"]
[EventCountry "USA"]
[SourceTitle "CBM 197 Extra"]
[Source "ChessBase"]
[SourceDate "2020.09.30"]
[SourceVersion "1"]
[SourceVersionDate "2020.09.30"]
[SourceQuality "1"]

1. d4 Nf6 2. c4 g6 3. Nc3 Bg7 4. e4 0-0 5. Nge2 Nc6 6. f3 d6 7. Be3 a6 8. Qd2 Bd7 9. Rc1 b5 10. c5 dxc5 11. dxc5 Qc8 12. Nd4 Rd8 13. Qf2 b4 14. Nd5 Nxd5 15. exd5 Nxd4 16. Bxd4 Bxd4 17. Qxd4 Bc6 18. Bc4 e6 19. d6 cxd6 20. cxd6 Qd7 21. Rd1 a5 22. Kf2 Qa7 23. h4 h6 24. h5 g5 25. Kg3 Qxd4 26. Rxd4 Kg7 27. Rhd1 Ra7 28. f4 gxf4+ 29. Kxf4 Kf6 30. Ke3 Rad7 31. g4 Ke5 32. Rf1 Rg8 33. Be2 Bd5 34. Bb5 Rb7 35. Bc4 Bxc4 36. Rxc4 Kxd6 37. Rd1+ Ke7 38. Kf4 Rgb8 39. Rcd4 a4 40. Kg3 Ra7 41. Rc4 Rb5 42. Kf4 b3 43. axb3 Rxb3 44. Rd2 a3 45. bxa3 Raxa3 46. Rc7+ Kf6 47. Rdd7 Rb4+ 0-1

[Event "Titled Tuesday intern op 14th July"]
[Site "Chess.com INT"]
[Date "2020.07.14"]
[Round "5"]
[White "Wanderley, Fabio Marcel Bezerr"]
[Black "Salik, Serkan"]
[Result "0-1"]
[WhiteElo "1549"]
[BlackElo "1986"]
[PlyCount "58"]
[EventDate "2020.07.14"]
[EventType "swiss (blitz)"]
[EventRounds "10"]
[EventCountry "USA"]
[SourceTitle "CBM 197 Extra"]
[Source "ChessBase"]
[SourceDate "2020.09.30"]
[SourceVersion "1"]
[SourceVersionDate "2020.09.30"]
[SourceQuality "1"]

1. e4 g6 2. d4 Bg7 3. Nc3 c6 4. Be3 d5 5. f3 dxe4 6. fxe4 e5 7. d5 Ne7 8. Bc4 cxd5 9. exd5 Nf5 10. Bc5 Nd6 11. Qe2 0-0 12. 0-0-0 Re8 13. Kb1 Na6 14. Bxd6 Qxd6 15. Ne4 Qd8 16. Nf3 f5 17. Nc3 e4 18. d6+ Kh8 19. Nd4 Bd7 20. Ndb5 Qf6 21. Nc7 Nxc7 22. dxc7 Bc6 23. Bb5 Rac8 24. Bxc6 bxc6 25. Qc4 Rxc7 26. Qc5 Rb7 27. Na4 Rxb2+ 28. Kc1 Rb1+ 29. Kxb1 Qa1# 0-1

[Event "PNWCC Online Masters WOO"]
[Site "Chess.com INT"]
[Date "2020.07.06"]
[Round "7"]
[White "Shlyakhtenko, Robert"]
[Black "Salik, Serkan"]
[Result "0-1"]
[WhiteElo "2343"]
[BlackElo "1986"]
[PlyCount "132"]
[EventDate "2020.07.04"]
[EventType "swiss (rapid)"]
[EventRounds "9"]
[EventCountry "USA"]
[SourceTitle "CBM 197 Extra"]
[Source "ChessBase"]
[SourceDate "2020.09.30"]
[SourceVersion "1"]
[SourceVersionDate "2020.09.30"]
[SourceQuality "1"]

1. d4 d5 2. c4 c6 3. Nf3 Nf6 4. e3 e6 5. Nbd2 Nbd7 6. b3 Bd6 7. Bb2 0-0 8. Bd3 b6 9. 0-0 Bb7 10. Ne5 c5 11. f4 Ne4 12. Qe2 Nxd2 13. Qxd2 Nf6 14. cxd5 Bxd5 15. Qc2 cxd4 16. e4 Rc8 17. Qe2 Bb7 18. Bxd4 Bc5 19. Bxc5 Rxc5 20. Nf3 e5 21. fxe5 Nd7 22. e6 fxe6 23. Bc4 Qe7 24. b4 Rc7 25. Ng5 Rc6 26. Rad1 Rxf1+ 27. Qxf1 Nf8 28. Bb5 Qxg5 29. Bxc6 Bxc6 30. Qf3 h6 31. Rf1 Ng6 32. a3 Kh7 33. Qg3 Qd2 34. h4 Qd4+ 35. Kh2 Qxe4 36. Rf7 Qd5 37. Rxa7 Bb7 38. a4 Ne7 39. a5 Nf5 40. Qg4 Qe5+ 41. Kh1 Ne3 42. Qe2 Bxg2+ 43. Kg1 Qg3 44. Qf2 Qh3 45. Qf7 Qh1+ 46. Kf2 Ng4+ 47. Ke2 Bf1+ 48. Qxf1 Qe4+ 49. Kd2 Qxb4+ 50. Ke2 Qe4+ 51. Kd2 Qd4+ 52. Ke2 Qb2+ 53. Ke1 Qc3+ 54. Ke2 Qc2+ 55. Ke1 Qc3+ 56. Ke2 Qe3+ 57. Kd1 Nf2+ 58. Kc2 Qc5+ 59. Kb2 Qd4+ 60. Kc2 bxa5 61. Rxa5 Qe4+ 62. Kb3 Qe3+ 63. Ka4 Qd4+ 64. Kb5 Ne4 65. Qb1 Qd5+ 66. Ka6 Qa8+ 0-1